LEADER 01019nam a2200229 i 4500 001 000000343326 003 CaOOAMICUS 005 20201210151602.0 008 201210s1946 it u001 u ita u 040 $aSeMil$bita 245 13$aIl Paradiso in terra o lo Stato Religioso /$ctraduzione dal portoghese dal Sac. G. Alberione ssp. 260 $aAlba :$bApostolato stampa,$c1946. 300 $a121 p. ;$c16 cm 650 4$aVita religiosa - Spiritualitā.$0(OLS)http://semarc/subject/1528 700 1 $aAlberione, Giacomo,$c,$etraduttore.$0(OLS)http://semarc/name/89110 830 0$aPresenze.$0(OLS)http://semarc/title/11342 850 $aSeMil 852 $aSeMil$W1$xVenegono$y1$m5D XII 28/36$j223318$B234325$CSeMilBibl$Z2$F234325 $81 961 $aTimbro della Biblioteca Fratelli Oblati 996 $6245$aIl Paradiso in terra o lo Stato Religioso$9(OLS)http://semarc/title/432291 996 $6260$aAlba :$bApostolato stampa$9(OLS)http://semarc/publisher/33666 LEADER 01081nam a2200277 i 4500 001 000000119554 003 CaOOAMICUS 005 20031029000000.0 008 031029s1998 it u000 u ita u 013 $a92248 020 $a88-7836-430-4 040 $aSeMil$bita 100 1 $aMazzi, Antonio,$c.$0(OLS)http://semarc/name/36628 245 10$aC'č da fornire luce e non acqua tiepida /$cDon Antonio Mazzi. 260 $aMilano :$bIPL,$ccopyr. 1998. 300 $a111 p. ;$c21 cm. 500 $aFondo Card. C.M. Martini. 650 4$aEducazione.$0(OLS)http://semarc/subject/204 650 4$aAdulti - Responsabilitā educativa.$0(OLS)http://semarc/subject/22402 850 $aSeMil 852 $aSeMil$W1$xVenegono$y1$m3F I 13$j74761$B74761$CSeMilBibl$Z2$F88547 $81 941 1 $a4 961 $aOmaggio: Martini Card. Carlo Maria 996 $6020$a88-7836-430-4$9(OLS)http://semarc/number/104462 996 $6245$aC'č da fornire luce e non acqua tiepida$9(OLS)http://semarc/title/175724 996 $6260$aMilano :$bIPL$9(OLS)http://semarc/publisher/30350